000 00574nam a2200169Ia 4500
008 090711s9999 xx 000 0 und d
082 _b1797
100 _aजोशी िSां. वि.
245 _aहास्य-िंSाातमणी
260 _bकॉन्टीनेन्टल प्रकाशन
_c1961
300 _a321
600 _aजोशी िSां. वि.
630 _aहास्य-िंSाातमणी
700 _aजोशी िSां. वि.
730 _aहास्य-िंSाातमणी
942 _cBOOK
999 _c326447
_d326447